[Event "SVK-chT2D 0809"]
[Site "Slovakia"]
[Date "2008.12.07"]
[Round "6.4"]
[White "Petko, Peter"]
[Black "Bobovsky, Milan"]
[Result "1-0"]
[WhiteElo "1731"]
[BlackElo "1708"]
[PlyCount "96"]
[EventDate "2008.10.11"]
[EventType "team-tourn"]
[EventRounds "11"]
[EventCountry "SVK"]
[SourceTitle "EXT 2010"]
[Source "ChessBase"]
[SourceDate "2010.11.25"]
[SourceVersion "1"]
[SourceVersionDate "2010.11.25"]
[SourceQuality "1"]
[WhiteTeam "Gelnica Slovan"]
[BlackTeam "Hranovnica"]
[WhiteTeamCountry "SVK"]
[BlackTeamCountry "SVK"]

1. d4 Nf6 2. c4 g6 3. Nc3 Bg7 4. Nf3 d5 5. e3 c6 6. b3 0-0 7. Bb2 Bg4 8. h3 Bf5 9. Nh4 Bc8 10. Rc1 Nbd7 11. Nf3 Qa5 12. Be2 Ne4 13. 0-0 Ndf6 14. Nd2 Bf5 15. Ndxe4 Nxe4 16. Nxe4 Bxe4 17. f3 Bf5 18. g4 Qxa2 19. Bc3 Qa3 20. c5 b5 21. Ra1 Qxa1 22. Qxa1 Bd7 23. b4 a6 24. Bd3 e6 25. Be1 Ra7 26. Bg3 Rfa8 27. Rf2 a5 28. Ra2 a4 29. Ra3 Bh6 30. Kf2 f6 31. e4 Bg7 32. f4 Rf8 33. f5 dxe4 34. Bxe4 exf5 35. gxf5 gxf5 36. Bf3 Bh6 37. Bd6 Re8 38. d5 cxd5 39. Bxd5+ Be6 40. Bc6 Bd7 41. Bxd7 Rxd7 42. Qxf6 Bg7 43. Qg5 Kh8 44. Qd2 Re4 45. Rd3 Rc4 46. Be5 Rxd3 47. Bxg7+ Kxg7 48. Qxd3 Rxb4 1-0